The changing wealth of nations : (Record no. 478220)

000 -LEADER
fixed length control field 01087cam a2200337 a 4500
001 - CONTROL NUMBER
control field 16435429
003 - CONTROL NUMBER IDENTIFIER
control field NUST
005 - DATE AND TIME OF LATEST TRANSACTION
control field 20180418060615.0
008 - FIXED-LENGTH DATA ELEMENTS--GENERAL INFORMATION
fixed length control field 100826s2011 dcua b i001 0 eng
010 ## - LIBRARY OF CONGRESS CONTROL NUMBER
LC control number 2010034836
020 ## - INTERNATIONAL STANDARD BOOK NUMBER
International Standard Book Number 9780821384886
020 ## - INTERNATIONAL STANDARD BOOK NUMBER
International Standard Book Number 9780821385548 (electronic)
035 ## - SYSTEM CONTROL NUMBER
System control number (DLC)16435429
035 ## - SYSTEM CONTROL NUMBER
System control number (DLC)2010034836
040 ## - CATALOGING SOURCE
Original cataloging agency DLC
Transcribing agency DLC
Modifying agency DLC
042 ## - AUTHENTICATION CODE
Authentication code pcc
050 00 - LIBRARY OF CONGRESS CALL NUMBER
Classification number HC59.15
Item number .C434 2011
082 00 - DEWEY DECIMAL CLASSIFICATION NUMBER
Classification number 338.9/27
Edition number 22
100 ## - MAIN ENTRY--PERSONAL NAME
Relator code Lange Glenn-Marie
245 04 - TITLE STATEMENT
Title The changing wealth of nations :
Remainder of title building a sustainable future
260 ## - PUBLICATION, DISTRIBUTION, ETC.
Place of publication, distribution, etc. Washington, D.C. :
Name of publisher, distributor, etc. World Bank,
Date of publication, distribution, etc. 2011.
300 ## - PHYSICAL DESCRIPTION
Extent xvi, 233 p. :
Other physical details ill. ;
Dimensions 23 cm.
490 0# - SERIES STATEMENT
Series statement Environment and development
504 ## - BIBLIOGRAPHY, ETC. NOTE
Bibliography, etc. note Includes bibliographical references and index.
650 #0 - SUBJECT ADDED ENTRY--TOPICAL TERM
Topical term or geographic name entry element Economic indicators.
9 (RLIN) 10233
650 #0 - SUBJECT ADDED ENTRY--TOPICAL TERM
Topical term or geographic name entry element Sustainable development.
9 (RLIN) 442
710 2# - ADDED ENTRY--CORPORATE NAME
Corporate name or jurisdiction name as entry element World Bank.
9 (RLIN) 4999
906 ## - LOCAL DATA ELEMENT F, LDF (RLIN)
a 7
b cbc
c orignew
d 1
e ecip
f 20
g y-gencatlg
942 ## - ADDED ENTRY ELEMENTS (KOHA)
Source of classification or shelving scheme
Koha item type Book
Holdings
Withdrawn status Lost status Source of classification or shelving scheme Damaged status Not for loan Collection code Permanent Location Current Location Shelving location Date acquired Total Checkouts Full call number Barcode Date last seen Price effective from Koha item type
            Central Library (CL) Central Library (CL) General Stacks 04/18/2018   338.9/27 LAN S3H-P-232 04/18/2018 04/18/2018 Book
© 2023 Central Library, National University of Sciences and Technology. All Rights Reserved.